La población de Venezuela y sus recursos naturales
Gorde:
| Egile nagusia: | |
|---|---|
| Formatua: | Liburua |
| Hizkuntza: | gaztelania |
| Argitaratua: |
Washington, D.C
Unión Panamericana
1946
|
| Gaiak: | |
| Etiketak: |
Etiketa erantsi
Etiketarik gabe, Izan zaitez lehena erregistro honi etiketa jartzen!
|
MARC
| LEADER | 00000nam a2200000 a 4500 | ||
|---|---|---|---|
| 001 | UCO3808 | ||
| 003 | CL-VaPUC | ||
| 008 | 000720e19460000US |||||||||||||||||spa|d | ||
| 082 | 0 | 4 | |a 918.7 |b VOG |2 21 |
| 100 | 0 | |a Vogt, William |e author |9 447756 | |
| 245 | 1 | 3 | |a La población de Venezuela y sus recursos naturales |
| 300 | |a 58 p | ||
| 942 | |c BK | ||
| 945 | |d 20000720 00:00:00 |a crobeson | ||
| 260 | |a Washington, D.C |b Unión Panamericana |c 1946 | ||
| 650 | 0 | |a Geografía |9 259346 | |
| 650 | 0 | |a Recursos naturales |9 255232 | |
| 650 | 0 | |a Población |9 257577 | |
| 651 | 0 | |a Venezuela |9 254993 | |
| 583 | |a last modification |c 20000720 00:00:00 |k Rodrigo Vera | ||
| 999 | |c 289939 |d 289937 | ||
| 952 | |0 0 |1 0 |4 0 |6 918_700000000000000_VOG_1946 |7 0 |8 X |9 338924 |a BIBHIS |b BIBHIS |d 2019-11-20 |i 1201468 |o 918.7 VOG 1946 |p 1201468 |r 2024-01-30 |w 2019-11-20 |y BK_X |k HIS | ||